Dvadsaťpäť rokov Záhorskej galérie zborník príspevkov zo sympózia 5. novembra 2009 pri príležitosti jubilejnej výstavy : V. stretnutie umelcov Záhoria

Bibliographic Details
Corporate Author: Dvadsaťpäť rokov Záhorskej galérie Senica, Slovensko
Other Authors: Zajíček, Štefan, 1949- (Compiler)
Format: Conference Proceeding Book
Language:Slovak
PhysicalDescription:80 s. fotogr., tab 22 cm
Published: [Trnava] Senica Trnavský samosprávny kraj Záhorská galéria 2010
ISBN:9788085738858
Subjects:

MARC

LEADER 00000nam a2200000 a 4500
001 vtls010287283
003 SK-MaSNL
005 20260301031844.0
008 180809s2010 xo o f 000 0 slo
015 |a SNBA2013/10 
020 |a 9788085738858  |q (brož.) 
035 |a F2BEFF44-6BC2-46E5-893A-76161A9D720F 
035 |a urn:nbn:sk:snk-amlkzc 
035 |a urn:nbn:sk:snk-am00blz3 
040 |a SNK  |b slo  |c SNK  |e AACR2 
041 0 |a slo  |b eng 
044 |a xo  |c SK 
072 7 |a 72/76  |x Výtvarné umenie  |2 konspekt 
080 |a 72/76.071.1  |2 2001 
080 |a 72/76  |2 2001 
080 |a (437.6)  |2 2001 
080 |a (062.534)  |2 2001 
111 2 |a Dvadsaťpäť rokov Záhorskej galérie  |n (5. :  |d 2009 :  |c Senica, Slovensko)  |9 328078 
245 1 0 |a Dvadsaťpäť rokov Záhorskej galérie  |b zborník príspevkov zo sympózia 5. novembra 2009 pri príležitosti jubilejnej výstavy : V. stretnutie umelcov Záhoria  |c [zostavovateľ zborníka a kurátor výstavy Štefan Zajíček] 
246 3 |a Piate stretnutie umelcov Záhoria 
260 |a [Trnava]  |b Trnavský samosprávny kraj  |a Senica  |b Záhorská galéria  |c 2010 
300 |a 80 s.  |b fotogr., tab  |c 22 cm 
366 |e 400 výt. 
500 |a Prehľad výstavnej činnosti. Zoz. vystavovaných diel 
546 |a Res. angl. 
650 0 7 |a výtvarné umenie  |2 SNKPH  |9 723 
650 0 7 |a výtvarníci  |2 SNKPH  |9 118705 
650 0 7 |a Art  |2 SNKPHeng  |9 266209 
650 0 7 |a Artists  |2 SNKPHeng  |9 265151 
651 7 |a Záhorie (Slovensko : región)  |2 SNKPH  |9 177455 
651 7 |a Záhorie (Slovakia : region)  |2 SNKPHeng  |9 121216 
655 7 |a zborníky konferencií  |2 SNKPH  |9 70153 
655 7 |a Proceedings of conferences  |2 SNKPHeng  |9 265791 
700 1 |a Zajíček, Štefan,  |d 1949-  |4 com  |9 98488 
919 |a 978-80-85738-85-8 
999 |c 577429  |d 579359 
952 |a SNK  |b SNK  |y VYP  |7 0  |p 17A1090279  |o snkSC 155209 D1  |i snk2013/22439  |8 0  |0 0  |1 0  |4 0  |d 2013-09-24  |l 0  |r 2026-02-23 14:38:13  |w 2026-02-23 
952 |a SNK  |b SNK  |y PREZ  |7 0  |p 17A1090280  |o snkSC 155209  |i snk2013/22438  |8 0  |0 0  |1 0  |4 0  |d 2013-09-24  |f 1  |l 0  |r 2025-07-25 00:00:00  |w 2026-02-23